[Event "Titled Tuesday intern op 12th Mar Late"]
[Site "Chess.com INT"]
[Date "2024.03.12"]
[Round "1"]
[White "Kleiman, Jake"]
[Black "Radhakrishnan, Sharath"]
[Result "1-0"]
[WhiteElo "2399"]
[BlackElo "1963"]
[PlyCount "91"]
[EventDate "2024.03.12"]
[EventType "swiss (blitz)"]
[EventRounds "11"]
[EventCountry "USA"]
[SourceTitle "CB12_2024"]
[SourceDate "2023.10.01"]
[SourceVersion "1"]
[SourceVersionDate "2023.10.01"]
[SourceQuality "1"]

1. e4 e5 2. Nf3 Nc6 3. Bc4 Bc5 4. d3 Nf6 5. c3 d6 6. Bb3 0-0 7. 0-0 a6 8. h3 h6 9. Re1 Re8 10. Nbd2 Be6 11. Bc2 d5 12. Qe2 dxe4 13. dxe4 b5 14. Rd1 Qe7 15. Nf1 Rad8 16. Bd2 Bc4 17. Qe1 Bb6 18. Ng3 Be6 19. Nh4 Qf8 20. Nhf5 Ne7 21. Qe2 Nxf5 22. Nxf5 Bxf5 23. exf5 Kh7 24. a4 Qc5 25. a5 Rxd2 26. Rxd2 Ba7 27. Bb3 Re7 28. Rd8 e4 29. g4 e3 30. f3 Qe5 31. Kg2 c5 32. Rf1 c4 33. Bc2 Qf4 34. Rfd1 Bb8 35. Rxb8 Qxb8 36. Rd4 Kg8 37. Be4 Nxe4 38. fxe4 Qf4 39. Qf3 Qg5 40. Kf1 h5 41. Ke2 hxg4 42. hxg4 f6 43. Rd5 Kf7 44. Rd1 Qh4 45. Rh1 Qg5 46. Rh5 1-0